Vista normal
Vista MARC
Entrada Nombre de reunión
Número de registros utilizados en: 1
001 - NÚMERO DE CONTROL
- campo de control: 86507
003 - IDENTIFICADOR DEL NÚMERO DE CONTROL
- campo de control: DO-SdBNP
005 - FECHA Y HORA DE LA ÚLTIMA TRANSACCIÓN
- campo de control: 20240903135816.0
008 - DATOS DE LONGITUD FIJA
- campo de control de longitud fija: 240903|| aca||aabn | a|a d
040 ## - FUENTE DE LA CATALOGACIÓN
- Centro catalogador/agencia de origen: DO-SdBNP
- Centro/agencia transcriptor: DO-SdBNP
111 ## - ENCABEZAMIENTO--NOMBRE DE CONGRESO/REUNIÓN
- Nombre de congreso/reunión o jurisdicción como elemento de entrada: Conferencia internacional de reflexión crítica sobre el pasado, el presente y el futuro de los pueblos aborígenes y afroamericanos
- Sede del congreso/Lugar de la reunión: Santo Domingo, República Dominicana)
- Fecha del congreso/reunión: (1989
- Unidad subordinada: Museo Nacional de Historia Natural
670 ## - FUENTE DE DATOS ENCONTRADOS
- Cita de la fuente: Work cat.: (DO-SdBNP)57614: Conferencia internacional de reflexión crítica sobre el pasado, el presente y el futuro de los pueblos aborígenes y afroamericanos Santo Domingo, República Dominicana) (1989 Museo Nacional de Historia Natural, Descubrimiento, conquista y colonización de América :
